000 00637nam a2200181Ia 4500
008 090630s9999 xx 000 0 und d
082 _b16465
100 _aवाळिंबे शरच्चंद्र.
245 _aमोनालिसा.
_cवाळिंबे शरच्चंद्र.
260 _bशांती - पुणे.
300 _a0
600 _aवाळिंबे शरच्चंद्र.
630 _aमोनालिसा.
655 _aकादंबरी.
700 _aवाळिंबे शरच्चंद्र.
730 _aमोनालिसा.
942 _cBOOK
999 _c268321
_d268321